01876cam a2200325 a 450000100100000000500170001000800410002704000250006811101100009324500190020326000670022230000260028950000950031550400730041050500280048350501020051150500950061350501340070859000420084265000430088465000430092765000360097065000590100665000690106571000670113495201130120195201130131495201060142799900170153300001345520200929163232.0861121s1984 ve a b 100 0 spa  aDO-SdBNPbspacBNPHU2 aJornadas Internacionales sobre Pensamiento Comunitario.n(1:d1972 : 16 jul.cMérida, Venezuela)93073010aComunitarismo. aMérida, Venezuela :bCentro de Estudios Comunitarios,c1984. a4 v. :bil. ;c22 cm. aLas ponencias del I, II y III Jornadas celebradas en Mérida, Venezuela entre 1972 y 1982 aIncluye referencias bibliográficas y notas al pie de las páginas0 gt. 1.tComunitarismo --0 gt. 2 :tPersonalismo, participación, estado comunitario, sociedad comunitaria y revolución --0 gt. 3.:tSociedad de consumo. Modelo social de desarrollo, cooperativismo y marginalidad --0 gt. 4. :tEconomía comunitaria, autogestión. Derecho, salud y comunidad. Manifiesto de la sociedad personalista y comunitaria. aLa biblioteca posee los tomos I y IV. 4aSocialismo cristianovCONGRESOS930731 4aDemocracia cristianavCONGRESOS930732 4aCooperaciónvCONGRESOS930733 4aCooperativa de sociedadeszVenezuelavCONGRESOS930734 4aAdministraciónxParticipación de empleadosvCONGRESOS9307352 aCentro de Estudios Comunitarios (Mérida, Venezuela) .930736 001054708MOaGRbGRcCTd2009-11-24iLF1l0ov.1p13455-10r2020-06-25w2020-06-25y4ZPréstamo en sala 001054708MOaGRbGRcCTd2009-11-24iLF1l0ov.2p13455-20r2020-06-25w2020-06-25y4ZPréstamo en sala 0010507-18MOaPDbPDcOId2017-06-05iLF1l0o p13455-30r2020-06-25w2020-06-25y1ZNo se presta c13081d13081